Premier League Brazilian Best Scorer by Year - Statistics

General Stats
  • This quiz has been taken 1,093 times
    22 since last reset
  • The average score is 11 of 24
Answer Stats
Scorer % Correct
Martinelli
95%
Roberto Firmino
95%
Gabriel Jesus
91%
Igor Thiago
86%
Oscar
86%
Matheus Cunha
82%
Robinho
82%
Raphinha
68%
Richarlison
68%
Philippe Coutinho
64%
Ramires
64%
Gilberto Silva
59%
David Luiz
50%
Juninho Paulista
32%
Elano
27%
Alex
23%
Denílson
14%
Matheus Pereira
14%
Fábio Rochemback
9%
Edu Gaspar
0%
Emerson Thome
0%
Ilan
0%
Isaías
0%
Sylvinho
0%
No matching quizzes found
Score Distribution
Percent of People with Each Score
Percentile by Number Answered
Your Score History
You have not taken this quiz since the last reset